| 000 | 00518nam a2200193Ia 4500 | ||
|---|---|---|---|
| 003 | GCL | ||
| 008 | 140319s9999 xx 000 0 ara d | ||
| 040 |
_aGCL / _cGCL |
||
| 082 | 0 | 4 |
_a811.9 _bع ب |
| 100 | 1 | _aعبده بدوى | |
| 245 | 1 | 0 |
_aباقة نور / _cعبده بدوى |
| 260 |
_a[S.N] : _bدار القلم ، _c1960 |
||
| 300 | _a127 ص | ||
| 490 |
_aكتاب _v0 |
||
| 650 | 0 | 4 | _aالشعر العربى |
| 650 | 0 | 4 | _aالادب العربى |
| 650 | 0 | 4 | _aالعصر الحديث |
| 942 |
_2ddc _cBK |
||
| 999 |
_c53286 _d53286 |
||